|
|
|
|
| LEADER |
00000nam a22000007i 4500 |
| 001 |
IT\ICCU\UBO\2260978 |
| 003 |
ItRI |
| 005 |
20260115231816.0 |
| 008 |
030730s1999 xxk|||||| ||||| |||||c |
| 020 |
|
|
|a 0352333235
|
| 040 |
|
|
|b ita
|c importazione bologna sebina
|
| 041 |
|
7 |
|a eng
|2 ISO-639-2
|
| 100 |
1 |
|
|a Granville, Tom
|0 IT\ICCU\UBOV\817842
|4 aut
|
| 245 |
1 |
0 |
|a Venetian trade /
|c Tom Granville.
|
| 260 |
|
|
|a London :
|b Idol,
|c 1999
|
| 300 |
|
|
|a 223 p. ;
|c 19 cm.
|
| 942 |
|
|
|2 ddc
|c BK
|n 0
|
| 952 |
|
|
|0 0
|1 0
|4 0
|6 DOC_823_914000000000000_GRA
|7 0
|9 13165
|a BO
|b BO
|d 2026-01-15
|i 7626
|l 0
|o DOC 823.914 GRA
|p BO7626
|r 2026-01-15 23:18:16
|w 2026-01-15
|x [Sebina 5] [1 v.]
|y BK
|z 1 v.
|
| 999 |
|
|
|c 11291
|d 11291
|